00644nam a22001577a 450000500170000001000150001702000300003203500140006203700130007608200080008910000270009724501190012426000440024327001110028730000880039820210405172823.0 aENG-129368 a978-81-949205-2-6c750.00 aEN-112900 bDBAD/PUB a373 aNarayanamma, Cherukuri aA Study of Self- Concept of Intermediate Students in Relation to Their Feeling of Security/cCherukuri Narayanamma bKrishna Publication HouseaGujratc2020 aNo. 303, Yash Kunj Apartment, Devbaug, Anantwadi, BhavnagarbGujrate364002mkrishnapublication62@mail.com ax+136p.c21cm(pbk)bincluding tables, illustrations and bibliographical references.